Нормы расхода запасных частей, материалов и комплектующих изделий на ремонты машин. Краны на гусенечном ходу, краны башенные и подъемники: каталог-справочник; Часть 2

Podrobná bibliografie
Korporativní autor: Министерство монтажных и специальных строительных работ СССР
Další autoři: Кононова В. С. (редактор)
Shrnutí:Исключено из фонда НТБ ТПУ
Jazyk:ruština
Vydáno: Москва, Транспорт, 1970
Médium: Kniha
KOHA link:https://koha.lib.tpu.ru/cgi-bin/koha/opac-detail.pl?biblionumber=121551

MARC

LEADER 00000nam0a2200000 4500
001 121551
005 20231031125431.0
035 |a (RuTPU)RU\TPU\book\131631 
035 |a RU\TPU\book\131629 
090 |a 121551 
100 |a 20070917d1970 k y0rusy50 ca 
101 0 |a rus 
102 |a RU 
105 |a a b 000zy 
200 1 |a Нормы расхода запасных частей, материалов и комплектующих изделий на ремонты машин. Краны на гусенечном ходу, краны башенные и подъемники  |e каталог-справочник  |h Часть 2  |f Министерство монтажных и специальных строительных работ СССР; под ред. В. С. Кононовой 
210 |a Москва  |c Транспорт  |d 1970 
215 |a 216 с.  |c ил. 
333 |a Исключено из фонда НТБ ТПУ 
702 1 |a Кононова  |b В. С.  |4 340 
712 0 2 |a Министерство монтажных и специальных строительных работ СССР 
801 1 |a RU  |b 63413507  |c 20070917  |g PSBO 
801 2 |a RU  |b 63413507  |c 20220617  |g PSBO 
942 |c BK